书目信息 |
| 题名: |
命运的迁徙
|
|
| 作者: | 黄济人 著 | |
| 分册: | ||
| 出版信息: | 重庆 重庆出版社 2003.07 |
|
| 页数: | 299页 | |
| 开本: | 21cm | |
| 丛书名: | ||
| 单 册: | ||
| 中图分类: | I25 | |
| 科图分类: | ||
| 主题词: | 报告文学--bao gao wen xue--中国--现代 | |
| 电子资源: | ||
| ISBN: | 7-5366-6217-3 | |
| 000 | 01045nam0 2200265 450 | |
| 001 | 012008612250 | |
| 005 | 20080323091220.67 | |
| 010 | @a7-5366-6217-3@dCNY16.00 | |
| 100 | @a20080321d2003 km y0chiy0121 ea | |
| 101 | 0 | @achi |
| 102 | @aCN@b510000 | |
| 105 | @ay z 000zy | |
| 106 | @ar | |
| 200 | 1 | @a命运的迁徙@AMing Yun De Qian Xi@e长篇报告文学@f黄济人著@Fhuang ji ren zhu |
| 210 | @a重庆@c重庆出版社@d2003.07 | |
| 215 | @a299页@d21cm | |
| 300 | @a本书是关于"三峡工程"移民的报告文学作品,全书内容共分十章。 | |
| 314 | @a黄济人,当代著名作家,重庆人。著有《黄济人文集》1-5卷等。 | |
| 330 | @a这是一部报告文学力作。作者亲自深入到外迁移民所到达的十一个省, 得到了大量的关于外迁移民生活状况的第一手资料。作品真实地再现了三峡移民外迁后的喜怒哀乐, 讴歌了外迁移民为了国家利益忍痛远离故土的奉献精神, | |
| 517 | 1 | @a长篇报告文学@Achang pian bao gao wen xue |
| 606 | 0 | @a报告文学@Abao gao wen xue@y中国@z现代 |
| 690 | @aI25@v4 | |
| 701 | 0 | @a黄济人@Ahuang ji ren@4著 |
| 801 | 0 | @aCN@bQSSK@c20080323 |
| 905 | @b20289641-44@dI25@eH845@f4 | |
| 命运的迁徙:长篇报告文学/黄济人著.-重庆:重庆出版社,2003.07 |
| 299页;21cm |
| 本书是关于"三峡工程"移民的报告文学作品,全书内容共分十章。 |
| ISBN 7-5366-6217-3:CNY16.00 |
| 这是一部报告文学力作。作者亲自深入到外迁移民所到达的十一个省, 得到了大量的关于外迁移民生活状况的第一手资料。作品真实地再现了三峡移民外迁后的喜怒哀乐, 讴歌了外迁移民为了国家利益忍痛远离故土的奉献精神, |
| ● |
| 相关链接 |
|
|
|
正题名:命运的迁徙
索取号:I25/H845
 
预约/预借
| 序号 | 登录号 | 条形码 | 馆藏地/架位号 | 状态 | 备注 |
| 1 | 289641 | 202896410 | 文学库108/108文学库 65排5列4层/ [索取号:I25/H845] | 在馆 | |
| 2 | 289642 | 202896429 | 文学库108/108文学库 65排5列4层/ [索取号:I25/H845] | 在馆 | |
| 3 | 289643 | 202896438 | 文学库108/108文学库 65排5列4层/ [索取号:I25/H845] | 在馆 | |
| 4 | 289644 | 202896447 | 社科二线422/422社科库 50排5列3层/ [索取号:I25/H845] | 在馆 |